000 01977nam a22005177a 4500
001 000096855
003 CHAP
005 20220817044141.0
008 070221d2007 mx ad r 00110 spa d
010 _a93321
011 _a94293
035 _a104880
040 _cCHAP
090 _aTesis
100 1 _aBarrientos Hernández, Israel.
_910484
245 1 0 _aSusceptibilidad a insecticidas en mosquito casero Culex quinquefasciatus Say., de Texcoco, México /
_c/por Israel Barrientos Hernández.
260 _aChapingo, Méx. :
_bEl autor,
_c2007.
300 _a47 h. :
_bilus. ; gráfs. ; cuadros.
502 _aTesis (Ing. Agr. Esp. en Parasitología Agrícola) -- UACH. Departamento de Parasitología Agrícola
590 _aALEPH
_b10
_c20130110
_lUCH01
_h1516
590 _aBATCH-UPD
_b10
_c20130110
_lUCH01
_h0209
590 _aBATCH-UPD
_b10
_c20130110
_lUCH01
_h0822
590 _aBATCH-UPD
_b10
_c20130409
_lUCH01
_h2223
590 _aBATCH-UPD
_b10
_c20130410
_lUCH01
_h1121
590 _aBATCH-UPD
_b10
_c20130914
_lUCH01
_h1043
590 _aBATCH-UPD
_b10
_c20140324
_lUCH01
_h1501
590 _aBATCH-UPD
_b10
_c20141002
_lUCH01
_h0833
590 _aBATCH
_b00
_c20181121
_lUCH01
_h0758
590 _aCONVERSION
_b10
_c20130109
_lUCH01
_h1352
590 _aE11695DGD
_b10
_c20130529
_lUCH01
_h1345
650 1 4 _aControl de plagas.
_927595
650 1 4 _aCulex quinquefasciatus.
_930202
650 1 4 _aInsecticidas
_xPruebas.
_958878
650 1 4 _aInsectos
_xControl.
_958908
650 1 4 _aInsectos
_xResistencia a insecticidas.
_958941
650 1 4 _aInsectos
_zMéxico (Edo.).
_958952
650 1 4 _aMosquitos
_xControl.
856 _3Finding aid
_uhttp://10.13.5.2/tesis/104880.pdf
_zTeclea aquí
856 _a1
_n0000790
901 _aBK
905 _aMarco A. Mendoza T.
942 _cCD
942 _n0
949 _aTesis
_bBC
_cTES
_d33724002024223
_eTS1
_gDonaciØn
_h46547
_i104880
_sb
949 _aTesis
_bBC
_cTES
_d33724002024231
_eTS2
_fc.2
_gDonaciØn
_h46548
_i104880
_sb
999 _c93321
_d93321